000 01439nam a22002177a 4500
999 _c64101
_d64101
003 Ge_BSU
005 20260403145204.0
008 260403s2008 ge ||||| |||| 00| 0 geo d
020 _a9789941122361
041 _ageo
080 _a339.924:330.34:316.42 გ-56
245 _aგლობალიზაცია და საქართველოს ეკონომიკური განვითარება : გამოწვევები და შესაძლებლობები :
_bშრომების კრებული /
_cრედ. ემირ ეთერია; საქართველოს გლობალიზაციისა და რეგიონული ინტეგრაციის კვლევის ცენტრი.
264 _aთბილისი :
_bუნივერსალი,
_c2008.
300 _a426 გვ.;
_b20 სმ.
653 _aეკონომიკური გლობალიზაცია
653 _aკაპიტალის მოძრაობა
653 _aეკონომიკა
700 _aეთერია, ემირ
_eრედაქტორი
_927156
710 _aსაქართველოს გლობალიზაციისა და რეგიონული ინტეგრაციის კვლევის ცენტრი.
_927250
942 _2udc
_cᲬᲘᲒᲜᲘ